Eastern Utah Libraries Catalog: Duchesne, Heber, Roosevelt, & Vernal

The Incandescent (Record no. 409644)

MARC details
000 -LEADER
fixed length control field 01000nam a22001575a 4500
005 - DATE AND TIME OF LATEST TRANSACTION
control field 20260305084138.0
008 - FIXED-LENGTH DATA ELEMENTS--GENERAL INFORMATION
fixed length control field 260305s2025 |||| ||| ||||||||||||
020 ## - INTERNATIONAL STANDARD BOOK NUMBER
International Standard Book Number 9781250835017
Terms of availability $28.99
020 ## - INTERNATIONAL STANDARD BOOK NUMBER
International Standard Book Number 1250835011
Terms of availability $28.99
082 00 - DEWEY DECIMAL CLASSIFICATION NUMBER
Classification number 823.92
100 1# - MAIN ENTRY--PERSONAL NAME
Personal name Tesh, Emily
9 (RLIN) 6548014
245 14 - TITLE STATEMENT
Title The Incandescent
260 ## - PUBLICATION, DISTRIBUTION, ETC. (IMPRINT)
Name of publisher, distributor, etc Tor Books
Date of publication, distribution, etc 20250513
264 ## - Production, Publication, Distribution, Manufacture, and Copyright Notice.
Name of producer, publisher, distributor, manufacturer Tor Books
Date of production, publication, distribution, manufacture, or copyr 20250513
520 ## - SUMMARY, ETC.
Summary, etc "Doctor Walden is the Director of Magic at Chetwood School and one of the most powerful magicians in England. Her days consist of meetings, teaching A-Level Invocation to four talented, chaotic sixth formers, more meetings, and securing the school's boundaries from demonic incursions. Walden is good at her job--no, Walden is great at her job. But demons are masters of manipulation. It's her responsibility to keep her school with its six hundred students and centuries-old legacy safe. And it's possible the entity Walden most needs to keep her school safe from--is herself."--Provided by publisher.
Holdings
Withdrawn status Lost status Source of classification or shelving scheme Damaged status Not for loan Collection code Home library Current library Shelving location Date acquired Source of acquisition Total Checkouts Total Renewals Full call number Barcode Date last seen Date checked out Cost, replacement price Price effective from Koha item type
    Dewey Decimal Classification     Fiction Wasatch County Library Wasatch County Library First Floor 07/09/2025 Ingram 4 2 F Tesh 34301002117846 10/20/2025 09/27/2025 28.99 07/09/2025 BOOK
This project was made possible through a grant from the Institute of Museum and Library Service administered by the Utah State Library Division.

Wasatch County Library

  • 465 East 1200 South, Heber City, Utah 84032
  • Phone 435-654-1511 | Fax 435-654-6456

Hours

  • Monday - Friday 9:30 AM - 8:00 PM
  • Saturday 9:30 AM - 1:30 PM
  • Closed Sundays and Holidays